| 000 | 00958nmm a2200301 a 4500 | ||
|---|---|---|---|
| 001 | ocm0002015430 | ||
| 003 | TR-IsHL | ||
| 005 | 20201028175538.0 | ||
| 008 | 181029s2018 tu tur | ||
| 007 | cr cn | ||
| 020 | _a9786059148801 | ||
| 035 |
_a2015430 _b(N$T) |
||
| 050 | 0 | 4 |
_aPL248.A55 _bŞ4 2018 |
| 090 | 0 | 4 |
_aPL248.A55 _bŞ4 2018 |
| 100 | 1 | _aÇalar, Muammer | |
| 245 | 1 | 0 |
_aŞehriyar: Âşık Çağlarî _h[electronic resource] / _cMuammer Çalar ; genel yayın yönetmeni Yakup Ömeroğlu |
| 250 | _a1. Baskı | ||
| 260 |
_aAnkara : _bBengü Yayınları, _c2018 |
||
| 300 | _a296 p. | ||
| 650 | 4 | _aDil ve Edebiyat | |
| 650 | 4 | _aLanguage and Literature | |
| 650 | 0 | _aTürk şiiri | |
| 650 | 0 | _aTurkish poetry | |
| 650 | 0 | _aAşık Çağlari | |
| 650 | 7 |
_aPOETRY / Middle Eastern _2bisacsh |
|
| 700 | 1 | _aÖmeroğlu, Yakup | |
| 856 | 4 | 0 | _uhttp://search.ebscohost.com/login.aspx?direct=true&scope=site&db=e011xww&AN=2015430 |
| 999 |
_c18720 _d18720 |
||